000
00230nam a2200109Ia 4500
999
_c
9955
_d
9955
020
_a
978-0132569033
100
_a
J.Glenn Brookshear
245
0
_a
Computer Science
260
_a
India
_b
Dorling
_c
2004
300
_a
380
942
_c
BK